Statistics for Countries of the World without the Letter "J" on a map

Click here to take the quiz!

General Stats

  • This quiz has been taken 33 times
  • The average score is 164 of 189

Answers on the Map

Answers color-coded by a green-red scale on the quiz's map according to % correct below.
Loading ...
 

Answer Stats

HintHintCountry% Correct
153129United States
100%
14366Canada
94%
434.376.3Lithuania
90%
423.687.1Poland
90%
248.9339.7Paraguay
90%
208292Peru
90%
378.2234.5Ghana
90%
404.089.9Germany
90%
657220.6Philippines
90%
361.7127.6Portugal
90%
535.7164.2Pakistan
90%
386105France
90%
43752Finland
90%
495.7176.2Qatar
90%
470.0234.2Ethiopia
90%
416.9260.5Republic of the Congo
90%
439.064.8Estonia
90%
436.7107.1Romania
90%
610.3247.2Malaysia
90%
198232.5Panama
90%
401.757Norway
90%
509.33187.2Oman
90%
465.8259.9Kenya
90%
151.0182.0Mexico
90%
614.2104.1Mongolia
90%
438.070.6Latvia
90%
610.3194.9Laos
90%
597.0188.5Myanmar
90%
569.8166.5Nepal
90%
39386.9Netherlands
90%
533.0100.0Kazakhstan
90%
401.573.5Denmark
90%
776.7391.9New Zealand
90%
416.4124.2Italy
90%
363.082.5Ireland
90%
403.3203.9Niger
90%
398.0230.8Nigeria
90%
556185.9India
90%
34143Iceland
90%
424.4103.1Hungary
90%
423.098.0Slovakia
90%
447.0171.3Egypt
90%
433.0267.2Democratic Republic
of the Congo
90%
443.481.2Belarus
90%
266294Brazil
90%
460.3130.6Turkey
90%
414.093.8Czech Republic
90%
236.0319.0Bolivia
90%
450.696.0Ukraine
90%
502.0182.5United Arab Emirates
90%
37786United Kingdom
90%
391.091.0Belgium
90%
254.9370.2Uruguay
90%
608.0207.9Thailand
90%
525122.5Uzbekistan
90%
414.2100.9Austria
90%
683.0342.0Australia
90%
232235Venezuela
90%
234.0373.0Argentina
90%
624.3219.9Vietnam
90%
420.0301.2Angola
90%
488.3208.2Yemen
90%
401148Tunisia
90%
513.0130.6Turkmenistan
90%
486.0324.3Madagascar
90%
218384Chile
90%
431365South Africa
90%
449.6239.5South Sudan
90%
372127.5Spain
90%
216.3247.5Colombia
90%
562235.3Sri Lanka
90%
206.0190.2Cuba
90%
448.5209.5Sudan
90%
414.360.5Sweden
90%
398.4103.5Switzerland
90%
616.0219.1Cambodia
90%
427.6113.0Serbia
87%
438310Zambia
87%
412.9141.1Malta
87%
488230Somalia
87%
366.0153.5Morocco
87%
467309.5Mozambique
87%
413.0106.5Slovenia
87%
377202.2Mali
87%
444.4102.0Moldova
87%
459.1282.5Tanzania
87%
418328Namibia
87%
482.1179.9Saudi Arabia
87%
57752Russia
87%
408.5120.7Vatican City
87%
703.7282.4Papua New Guinea
87%
188.2218.1Nicaragua
87%
665.7127North Korea
87%
429.5121.7North Macedonia
87%
467.0143.0Syria
87%
652.9182.1Taiwan
87%
669139South Korea
87%
528.0149.2Afghanistan
87%
447.0325.0Zimbabwe
87%
422.6209.4Chad
87%
635.5264Indonesia
87%
184.5210.7Honduras
87%
218196Haiti
87%
407.0247.0Cameroon
87%
427.6239.0Central African Republic
87%
177.4210.0Guatemala
87%
430129Greece
87%
459.0157.0Israel
87%
615.0140.9China
87%
418.0108.0Croatia
87%
455.3143.7Cyprus
87%
242.4209.5Dominica
87%
466.3209.2Eritrea
87%
221197Dominican Republic
87%
204.0265.5Ecuador
87%
501.3152.5Iran
87%
478.8149.9Iraq
87%
437.8117.9Bulgaria
87%
209.0180.9Bahamas
87%
394.394.2Luxembourg
87%
425.5124.0Albania
87%
384.2167.2Algeria
87%
384.0118.7Andorra
87%
402.0103.1Liechtenstein
87%
419.3172.9Libya
87%
180.9203.6Belize
87%
421.0113.0Bosnia and
Herzegovina
87%
385.7225.0Benin
84%
254.4248.1Suriname
84%
242.5226.6Trinidad and Tobago
84%
583.0181.8Bangladesh
84%
584.1169.4Bhutan
84%
447.8272.6Burundi
84%
192.0228.0Costa Rica
84%
453.1256.6Uganda
84%
480.5125.0Armenia
84%
804.5282.8Tuvalu
84%
435.0336.1Botswana
84%
180.4215.0El Salvador
84%
347212Senegal
84%
408.5113.9San Marino
84%
248242Guyana
84%
368.0235.9Ivory Coast
84%
427.5118.5Kosovo
84%
241.6220.6Grenada
84%
479120Georgia
84%
487.0162.9Kuwait
84%
548.0122.0Kyrgyzstan
84%
444.0360.5Lesotho
84%
451.3350.1Eswatini
84%
423.7117.8Montenegro
84%
359.2239.6Liberia
84%
397.2114.5Monaco
84%
447.8267.7Rwanda
84%
239.4203.4Saint Kitts and Nevis
84%
354195.5Mauritania
84%
246.5217.0Barbados
81%
494.3174.0Bahrain
81%
755.5318.6Vanuatu
81%
756.2263.4Nauru
81%
510.1329.1Mauritius
81%
760.6232.2Marshall Islands
81%
638.6246.1Brunei
81%
21.0272.0Kiribati
81%
383.0232.4Togo
81%
456.0307.0Malawi
81%
717.7235.2Federated States of
Micronesia
81%
243.2214.6Saint Lucia
81%
614.2256.7Singapore
81%
664.3290.8East Timor
81%
742.1295.0Solomon Islands
81%
802.8307.7Samoa
81%
406.5264Gabon
81%
344216Gambia
81%
479.4301.4Comoros
81%
353.3224.2Guinea
81%
680.5241.3Palau
81%
326.7206.9Cape Verde
81%
545.9248.9Maldives
81%
347.7220.3Guinea-Bissau
81%
354.0232.9Sierra Leone
81%
395.5260.6São Tomé and Príncipe
77%
241.4204.0Antigua and Barbuda
77%
377.0219.0Burkina Faso
77%
505.5277.0Seychelles
77%
404.0255.8Equatorial Guinea
77%
461.7146.8Lebanon
77%
798.1328.7Tonga
77%
242.7216.8Saint Vincent and the
Grenadines
77%

Score Distribution

Percentile by Number Answered

Percent of People with Each Score

Your Score History

You have not taken this quiz